Luces en el cielo / Casals, Arturo, traductor

保存先:
書誌詳細
第一著者: Asimov, Isaac
フォーマット: 図書
言語:Undetermined
出版事項: Buenos Aires, Argentina Sudamericana 1980
主題:
タグ: タグ追加
タグなし, このレコードへの初めてのタグを付けませんか!

MARC

LEADER 00000nam a2200000Ia 4500
008 170316s9999 xx 000 0 und d
040 |a cru BVZT 
090 |a F-810 A-11L 
100 |a Asimov, Isaac 
245 |a Luces en el cielo / Casals, Arturo, traductor 
260 |a Buenos Aires, Argentina 
260 |b Sudamericana 
260 |c 1980 
300 |a 288 páginas 
650 |a LITERATURA ESTADOUNIDENSE 
650 |a FICCIÓN 
999 |c 13312  |d 13312 
942 |c 15 D  |h F-810 A-11L  |2 z